NewJeans which song - Statistics

General Stats
  • This quiz has been taken 201 times
  • The average score is 8 of 10
Answer Stats
Question Answer % Correct
Hi, it's me again, I'm back ASAP
97%
If you want it, you can get it, if you want it Cookie
91%
Ey, drop the question Attention
90%
Do you want somebody Ditto
90%
I'm going crazy, right? OMG
88%
now that I'm without you? How Sweet
86%
He's been totally lying, yeah ETA
80%
Make it feel like a game New Jeans
75%
You just get my heart pump, pumping Bubble Gum
71%
That I don't ever want us to be Zero
30%
No matching quizzes found
Score Distribution
Percent of People with Each Score
Percentile by Number Answered
Your Score History
You have not taken this quiz